000 00999nam a22002532a 4500
001 17660
003 BD-RjUL
005 20211209000156.0
008 140217s1956 at b 000 0 eng c
035 _a(BD-RjUL)17718
_aOCLC ocm01191433 from D960702M
040 _aOklahoma. Univ. Libr.
_cCWR
_dSER
_dOCL
_dEQO
_dBD-RjUL
_beng
041 _aeng
082 0 0 _a016.82
_bMIA 1956
100 1 _aMiller, Edmund Morris,
_d1881-1964.
_954431
245 1 0 _aAustralian literature :
_ba bibliography to 1938 /
_cby Edmund Morris Miller ; extended to 1950 / Edited with a historical outline and descriptive commentaries by Frederick T. Macartney
250 _aRev. and extended ed.
260 _aSydney :
_bAngus and Robertson,
_c1956.
300 _avii, 503 p. ;
_c26 cm
650 0 _aAustralian literature
_vBibliography
_954432
651 0 _aAustralia
_xBibliography
_954435
700 1 _aMacartney, Frederick T.
_q(Frederick Thomas), ed.
_d1887-1980
_954436
942 _2ddc
_cREF
999 _c17660
_d17660